12 arquitectos contemporáneos / (Registro nro. 4043)
[ vista simple ]
| 000 -LEADER | |
|---|---|
| fixed length control field | 00813nam a22002537a 4500 |
| 003 - CONTROL NUMBER IDENTIFIER | |
| control field | PE SENCICO BE |
| 005 - DATE AND TIME OF LATEST TRANSACTION | |
| control field | 20251020182633.0 |
| 008 - FIXED-LENGTH DATA ELEMENTS--GENERAL INFORMATION | |
| fixed length control field | 230306b |||||||| |||| 00| 0 eng d |
| 020 ## - INTERNATIONAL STANDARD BOOK NUMBER | |
| International Standard Book Number | 978-987-584-314-1 |
| 040 ## - CATALOGING SOURCE | |
| Original cataloging agency | PE SENCICO BE |
| Transcribing agency | PE SENCICO BE |
| 041 ## - LANGUAGE CODE | |
| Language code of text/sound track or separate title | spa |
| 082 ## - DEWEY DECIMAL CLASSIFICATION NUMBER | |
| Classification number | 720.92 |
| Item number | G68 |
| 100 1# - MAIN ENTRY--PERSONAL NAME | |
| 9 (RLIN) | 749 |
| Personal name | Gómez Luque, Mariano |
| Relator term | autor |
| 245 1# - TITLE STATEMENT | |
| Title | 12 arquitectos contemporáneos / |
| Statement of responsibility, etc. | Mariano Gómez Luque, Aristide Gomez Luque, German Godoy |
| 250 ## - EDITION STATEMENT | |
| Edition statement | 1a ed. |
| 260 ## - PUBLICATION, DISTRIBUTION, ETC. | |
| Place of publication, distribution, etc. | Buenos Aires : |
| Name of publisher, distributor, etc. | Nobuko, |
| Date of publication, distribution, etc. | 2011 |
| 300 ## - PHYSICAL DESCRIPTION | |
| Extent | 255 p. : |
| Other physical details | il. col., diagrs., |
| Dimensions | 24 cm. |
| 650 14 - SUBJECT ADDED ENTRY--TOPICAL TERM | |
| 9 (RLIN) | 282 |
| Topical term or geographic name entry element | Arquitectos |
| 650 24 - SUBJECT ADDED ENTRY--TOPICAL TERM | |
| 9 (RLIN) | 191 |
| Topical term or geographic name entry element | Arquitectura moderna |
| 650 24 - SUBJECT ADDED ENTRY--TOPICAL TERM | |
| 9 (RLIN) | 670 |
| Topical term or geographic name entry element | Teoría de la arquitectura |
| 650 24 - SUBJECT ADDED ENTRY--TOPICAL TERM | |
| 9 (RLIN) | 707 |
| Topical term or geographic name entry element | Historia |
| 910 ## - USER-OPTION DATA (OCLC) | |
| -- | hfp |
| -- | hfp |
| 942 ## - ADDED ENTRY ELEMENTS (KOHA) | |
| Source of classification or shelving scheme | Dewey Decimal Classification |
| Koha item type | Libros |
| Classification part | 720.92 |
| Item part | G68 |
| Fecha de la última vez que lo usaron | Número de ingreso o de inventario | Pago total | Signatura topográfica completa | Precio efectivo desde | Tipo de documento | Estado perdido | Sistema de clasificación | Estado dañado | No es para préstamo | Retirado | Ubicación permanente | Ubicación actual | Fecha de adquisición |
|---|---|---|---|---|---|---|---|---|---|---|---|---|---|
| 06/03/2023 | 16424 | 720.92/G68 | 06/03/2023 | Libros | Dewey Decimal Classification | Biblioteca Central Lima | Biblioteca Central Lima | 06/03/2023 |